Spektrometrické analytické metody I.
Na minha lista:
| Main Authors: | , , |
|---|---|
| Formato: | Livro |
| Idioma: | tcheco |
| Publicado em: |
Praha
Univerzita Karlova
2004
|
| Edição: | 2. vyd. |
| Colecção: | Učební texty Univerzity Karlovy v Praze
|
| Assuntos: | |
| Acesso em linha: | View in OPAC |
| Tags: |
Sem tags, seja o primeiro a adicionar uma tag!
|
MARC
| LEADER | 00000nam a2200000 a 4500 | ||
|---|---|---|---|
| 005 | 20260127134109.0 | ||
| 008 | 041214s2004 CZ a 0 cze c | ||
| 020 | |a 802460776X | ||
| 035 | |a vtls001487047 | ||
| 035 | |a SNK000442339 | ||
| 039 | 9 | |a 200611200928 |b mschk03 |c 200510201222 |d mschk03 |c 200510201216 |d mschk03 |y 200501302305 |z staff | |
| 040 | |a SNK |b slo |c SNK |d STUSCHK1 |e AACR2 | ||
| 044 | |a CZ | ||
| 072 | 7 | |a 543 |2 konspekt | |
| 080 | |a 543.42 | ||
| 080 | |a 543.06 | ||
| 080 | |a (075.8) | ||
| 100 | 1 | |a Němcová, Irena, |d 1940- |9 527 | |
| 245 | 1 | |a Spektrometrické analytické metody I. |c Irena Němcová, Ludmila Čermáková, Petr Rychlovský | |
| 250 | |a 2. vyd. | ||
| 260 | |a Praha |b Univerzita Karlova |c 2004 | ||
| 300 | |a 166 s. |b ilustr., sch. |c 30 cm | ||
| 490 | 1 | |a Učební texty Univerzity Karlovy v Praze | |
| 650 | 0 | 7 | |a spektrometria |2 SNK |
| 650 | 0 | 7 | |a analytické metódy |2 SNK |
| 650 | 0 | 7 | |a analytická chémia |2 konspekt |
| 655 | 7 | |a učebnice |2 SNK | |
| 655 | 7 | |a učebnice vysokých škôl | |
| 700 | 1 | |a Čermáková, Ludmila, |d 1936- |4 aut |9 881 | |
| 700 | 1 | |a Rychlovský, Petr, |d 1963- |4 aut |9 849 | |
| 760 | 0 | |t Učební texty Univerzity Karlovy v Praze | |
| 910 | |a SCHK95 | ||
| 919 | |a 80-246-0776-X | ||
| 999 | |c 4002 |d 4002 | ||